| 000 | 00676nam a2200229Ia 4500 | ||
|---|---|---|---|
| 005 | 20241129111312.0 | ||
| 008 | 241129s9999||||xx |||||||||||||| ||und|| | ||
| 020 | _a978-1-138-84869-6 | ||
| 037 | _aTB | ||
| 040 |
_aCRL _beng _cCRL |
||
| 041 |
_aeng _2eng |
||
| 084 |
_aV1.J P3;Q8 _qCRL |
||
| 100 |
_aLinehan Peter Ed.; Nelson Janet L. Ed.; Costambeys Marios Ed. _9724010 |
||
| 245 | 0 |
_aMedieval world _cLinehan Peter Ed.; Nelson Janet L. Ed.; Costambeys Marios Ed. |
|
| 250 | _a2nd | ||
| 260 |
_aLondon, UK _bRoutledge _c2018 |
||
| 300 | _axxii,876p. | ||
| 365 |
_aUKP _b49.99 |
||
| 650 | _aHistory | ||
| 942 |
_cTB _hV1.J P3;Q8 |
||
| 999 |
_c1229824 _d1229824 |
||